000 00835nam a2200253Ia 4500
003 OSt
005 20221006142858.0
006 a|||||r|||| 00| 0
007 ta
008 221006b |||||||| |||| 00| 0 eng d
020 _c
_3.50
024 _a7,431
037 _cTextual
040 _aEASL
_cEASL
_beng
041 _2eng
_aeng
082 _aV42p73.N7, L6
100 _aAMERICAN ENTERPRISE INSTITUTE FOR PUBLIC POLICY RESEARCH
_9340657
245 0 _aJapan-U.S. assembly
_b Proceedings of a conference on the threat to the world economic order, Vol.2
260 _aWashington,
_bDC American Enterprise Institute for Public Policy
_c1976
300 _a152p.
_ccm.
490 _v JEL
942 _hV42p73.N7, L6
_cTEXL
_2CC
999 _c1075517
_d1075517